[Event "Rheinland Pfalz op 3rd"]
[Site "Gau Algesheim"]
[Date "2011.07.29"]
[Round "3"]
[White "Meng, Gunter"]
[Black "Thomaschewski, Heiko"]
[Result "1/2-1/2"]
[WhiteElo "2014"]
[BlackElo "1762"]
[PlyCount "56"]
[EventDate "2011.07.28"]
[EventType "swiss"]
[EventRounds "7"]
[EventCountry "GER"]
[SourceTitle "EXT 2013"]
[Source "ChessBase"]
[SourceDate "2012.11.22"]
[SourceVersion "1"]
[SourceVersionDate "2012.11.22"]
[SourceQuality "1"]

1. d4 d5 2. Bf4 Nf6 3. e3 Nc6 4. c3 g6 5. Bd3 Bg7 6. Nd2 0-0 7. Ngf3 Re8 8. h3 Nh5 9. Ne5 Nxf4 10. exf4 f6 11. Nxc6 bxc6 12. 0-0 Qd6 13. Qf3 Bh6 14. c4 Qxf4 15. Qxf4 Bxf4 16. Nb3 e5 17. cxd5 cxd5 18. Bb5 Re6 19. g3 Bh6 20. Rfe1 e4 21. Bf1 Rb6 22. Re2 Bf8 23. Rc2 Bd6 24. Na5 Bd7 25. a3 Re8 26. b4 e3 27. Bg2 exf2+ 28. Kxf2 Be6 1/2-1/2

[Event "Rheinland Pfalz op 3rd"]
[Site "Gau Algesheim"]
[Date "2011.07.29"]
[Round "2"]
[White "Thomaschewski, Heiko"]
[Black "Glaesmann, Christian"]
[Result "1-0"]
[WhiteElo "1762"]
[BlackElo "1235"]
[PlyCount "97"]
[EventDate "2011.07.28"]
[EventType "swiss"]
[EventRounds "7"]
[EventCountry "GER"]
[SourceTitle "EXT 2013"]
[Source "ChessBase"]
[SourceDate "2012.11.22"]
[SourceVersion "1"]
[SourceVersionDate "2012.11.22"]
[SourceQuality "1"]

1. e4 g6 2. d4 d6 3. Bc4 e6 4. Nf3 Bg7 5. 0-0 Ne7 6. c3 0-0 7. Bg5 Qd7 8. Re1 b5 9. Bxe7 Qxe7 10. Bxb5 a6 11. Bc4 Qd8 12. Bb3 Nd7 13. Nbd2 e5 14. Bd5 Rb8 15. Nb3 c5 16. dxc5 Nf6 17. cxd6 Nxd5 18. Qxd5 Bb7 19. Qd3 Rc8 20. Red1 a5 21. Qb5 Bc6 22. Qxa5 Qxa5 23. Nxa5 Bd7 24. c4 Ra8 25. b4 f6 26. c5 Ba4 27. Rd5 Kf7 28. d7 Ke7 29. c6 Rfd8 30. Rc1 Bh6 31. Rc3 Ke6 32. g3 Bf8 33. a3 Bd6 34. Nb7 Bc7 35. Nxd8+ Rxd8 36. Nd2 f5 37. f3 h5 38. Kg2 f4 39. b5 fxg3 40. hxg3 g5 41. Nc4 h4 42. b6 Bxc6 43. bxc7 h3+ 44. Kh2 Bxd5 45. cxd8Q Bxc4 46. Qe8+ Kf6 47. d8Q+ Kg7 48. Qxg5+ Kh7 49. Qeh5# 1-0